Earthquake effect of buildings in Singapore /
Saved in:
| Main Author: | |
|---|---|
| Format: | Thesis Book |
| Language: | English |
| Published: |
1999.
|
| Subjects: | |
| Tags: |
Add Tag
No Tags, Be the first to tag this record!
|
| LEADER | 00864cam a2200253 a 4500 | ||
|---|---|---|---|
| 001 | u450366 | ||
| 003 | SIRSI | ||
| 008 | 990805s1999 si v 00 eng m | ||
| 035 | |a ACI-7618 | ||
| 040 | |a UMM | ||
| 043 | |a a-si--- | ||
| 090 | |a TA654.6 |b Wan | ||
| 100 | 1 | 0 | |a Wang, Minjiang. |
| 245 | 1 | 0 | |a Earthquake effect of buildings in Singapore / |c by Wang Minjiang. |
| 260 | |c 1999. | ||
| 300 | |a xii, 134 leaves : |b ill. ; |c 30 cm. | ||
| 502 | |a Dissertation (M.Eng.) -- National University of Singapore, 1999. | ||
| 504 | |a Bibliography: leaves 80-82. | ||
| 650 | 0 | |a Earthquake engineering |z Singapore | |
| 650 | 0 | |a Buildings |x Earthquake effects |z Singapore | |
| 650 | 0 | |a Earthquake intensity |z Singapore |x Measurement | |
| 948 | |a 24/01/2000 |b 09/02/2000 | ||
| 596 | |a 1 | ||
| 999 | |a TA654.6 WAN |w LC |c 1 |i A509449949 |d 17/5/2013 |e 17/5/2013 |l STACKS |m P01UTAMA |n 1 |r Y |s Y |t TESIS |u 18/4/2000 | ||
